[Event "Skakligaen 2021-22"]
[Site "Denmark"]
[Date "2022.01.16"]
[Round "4.1"]
[White "Rasmussen, Allan Stig"]
[Black "Hillarp Persson, Tiger"]
[Result "0-1"]
[WhiteElo "2566"]
[BlackElo "2521"]
[PlyCount "60"]
[EventDate "2021.10.30"]
[EventType "team-tourn"]
[EventRounds "9"]
[EventCountry "DEN"]
[SourceTitle "Turneringssystemet"]
[WhiteTeam "Jetsmark"]
[BlackTeam "Bronshoj"]

1. c4 b6 2. Nc3 Bb7 3. Nf3 Nf6 4. g3 c5 5. Bg2 g6 6. O-O Bg7 7. d4 cxd4 8. Qxd4
O-O 9. Qh4 d6 10. Rd1 Nbd7 11. Be3 Rc8 12. Rac1 Re8 13. b3 a6 14. Bh3 h5 15.
Ng5 Rc7 16. f3 Qb8 17. Qf4 Ba8 18. Bf2 b5 19. Nd5 e5 20. Qd2 Bxd5 21. cxd5 e4
22. Rc6 exf3 23. exf3 Ne5 24. Rxd6 Nh7 25. Bg2 Nxg5 26. Qxg5 Rc2 27. Rb6 Qc8
28. Bd4 Nxf3+ 29. Bxf3 Bxd4+ 30. Kh1 Bxb6 0-1

[Event "Skakligaen 2021-22"]
[Site "Denmark"]
[Date "2022.01.16"]
[Round "4.2"]
[White "Pilgaard, Kim"]
[Black "Heimisson, Hilmir Freyr"]
[Result "1/2-1/2"]
[WhiteElo "2403"]
[BlackElo "2322"]
[PlyCount "30"]
[EventDate "2021.10.30"]
[EventType "team-tourn"]
[EventRounds "9"]
[EventCountry "DEN"]
[SourceTitle "Turneringssystemet"]
[WhiteTeam "Bronshoj"]
[BlackTeam "Jetsmark"]

1. d4 d5 2. c4 c6 3. cxd5 cxd5 4. Nc3 Nc6 5. Bf4 e5 6. dxe5 d4 7. Ne4 Qa5+ 8.
Nd2 Nge7 9. a3 Be6 10. b4 Qd5 11. Ngf3 h6 12. e4 dxe3 13. Bxe3 Nxe5 14. Nxe5
Qxe5 15. Nf3 Qd5 1/2-1/2

[Event "Skakligaen 2021-22"]
[Site "Denmark"]
[Date "2022.01.16"]
[Round "4.3"]
[White "Baekgaard, Martin"]
[Black "Bromann, Thorbjorn"]
[Result "1/2-1/2"]
[WhiteElo "2311"]
[BlackElo "2374"]
[PlyCount "56"]
[EventDate "2021.10.30"]
[EventType "team-tourn"]
[EventRounds "9"]
[EventCountry "DEN"]
[SourceTitle "Turneringssystemet"]
[WhiteTeam "Jetsmark"]
[BlackTeam "Bronshoj"]

1. e4 e6 2. d4 d5 3. Nc3 dxe4 4. Nxe4 Nd7 5. Nf3 Ngf6 6. Bg5 Be7 7. Nxf6+ Bxf6
8. h4 h6 9. Bxf6 Qxf6 10. Qd2 c5 11. O-O-O cxd4 12. Qxd4 Qxd4 13. Nxd4 Nc5 14.
Bb5+ Bd7 15. Bxd7+ Nxd7 16. Nb5 Ke7 17. Rhe1 Rhd8 18. Re3 a6 19. Nd6 Nc5 20.
Rc3 Rxd6 21. Rxc5 Rxd1+ 22. Kxd1 Kd6 23. Rc3 g5 24. hxg5 hxg5 25. Rd3+ Kc6 26.
Rc3+ Kd6 27. Rd3+ Kc6 28. Rc3+ Kd6 1/2-1/2

[Event "Skakligaen 2021-22"]
[Site "Denmark"]
[Date "2022.01.16"]
[Round "4.5"]
[White "Christensen, Stefan"]
[Black "Carstensen, Jacob"]
[Result "1-0"]
[WhiteElo "2266"]
[BlackElo "2361"]
[PlyCount "87"]
[EventDate "2021.10.30"]
[EventType "team-tourn"]
[EventRounds "9"]
[EventCountry "DEN"]
[SourceTitle "Turneringssystemet"]
[WhiteTeam "Jetsmark"]
[BlackTeam "Bronshoj"]

1. d4 Nf6 2. Nf3 e6 3. e3 d5 4. Bd3 c5 5. b3 cxd4 6. exd4 Nc6 7. O-O Ne4 8. Bb2
f5 9. a3 Be7 10. Nbd2 O-O 11. c4 Bd7 12. Ne5 Nxe5 13. dxe5 Nxd2 14. Qxd2 Bc6
15. Rfd1 Qe8 16. Qe2 Qg6 17. f3 Rfd8 18. b4 Ba4 19. Rf1 dxc4 20. Bxc4 a6 21.
Rac1 Rac8 22. Bd3 Bc6 23. Rc2 Qe8 24. Bc4 Bd5 25. Bxd5 Rxd5 26. Rfc1 Rxc2 27.
Qxc2 Bg5 28. Rd1 Qc6 29. Qe2 Qb5 30. Kf2 Qb6+ 31. Kf1 Qd8 32. Rxd5 Qxd5 33. g3
Kf7 34. Kg2 Ke8 35. Kf2 Kd7 36. Qc2 Bd8 37. Ke2 b5 38. Qc3 Bb6 39. Qc2 a5 40.
bxa5 Bxa5 41. a4 Bc7 42. axb5 Bxe5 43. Qc6+ Qxc6 44. bxc6+ 1-0

[Event "Skakligaen 2021-22"]
[Site "Denmark"]
[Date "2022.01.16"]
[Round "4.6"]
[White "Palm, Nikolaj"]
[Black "Rathlev, Jakob"]
[Result "1-0"]
[WhiteElo "2281"]
[BlackElo "2201"]
[PlyCount "79"]
[EventDate "2021.10.30"]
[EventType "team-tourn"]
[EventRounds "9"]
[EventCountry "DEN"]
[SourceTitle "Turneringssystemet"]
[WhiteTeam "Bronshoj"]
[BlackTeam "Jetsmark"]

1. d4 c5 2. e3 e6 3. Nf3 Nf6 4. Bd3 b6 5. O-O Bb7 6. Nbd2 Nc6 7. c3 d5 8. Qe2
Be7 9. Ne5 Qc7 10. f4 O-O 11. g4 Ne4 12. Qg2 f6 13. Nxc6 Qxc6 14. f5 Nxd2 15.
Bxd2 e5 16. dxe5 fxe5 17. e4 c4 18. Be2 Bc5+ 19. Kh1 dxe4 20. Bg5 b5 21. h3 h6
22. Bh4 e3 23. Bf3 e4 24. Be2 g5 25. fxg6 Qxg6 26. Rf5 Bb6 27. Raf1 Rxf5 28.
gxf5 Qxg2+ 29. Kxg2 Kf7 30. Bh5+ Kf8 31. Rd1 Bc8 32. Rd5 b4 33. cxb4 a5 34. Rd6
Bc7 35. Rxh6 Kg7 36. Rg6+ Kf8 37. Rf6+ Kg8 38. Bf7+ Kg7 39. Bd5 Ra7 40. Rg6+
1-0

[Event "Skakligaen 2021-22"]
[Site "Denmark"]
[Date "2022.01.16"]
[Round "4.7"]
[White "Grubert, Christian"]
[Black "Greger, Roland Reinhard"]
[Result "1/2-1/2"]
[WhiteElo "2112"]
[BlackElo "2277"]
[PlyCount "40"]
[EventDate "2021.10.30"]
[EventType "team-tourn"]
[EventRounds "9"]
[EventCountry "DEN"]
[SourceTitle "Turneringssystemet"]
[WhiteTeam "Jetsmark"]
[BlackTeam "Bronshoj"]

1. Nf3 c5 2. e4 d6 3. g3 Nc6 4. Bg2 g6 5. O-O Bg7 6. c3 Nf6 7. Qe2 O-O 8. Rd1
e5 9. d4 exd4 10. cxd4 Qe7 11. d5 Ne5 12. Nxe5 dxe5 13. Nc3 Ne8 14. Be3 b6 15.
a4 Nd6 16. a5 Bd7 17. Rdb1 f5 18. f3 f4 19. Bf2 fxg3 20. hxg3 Qg5 1/2-1/2

[Event "Skakligaen 2021-22"]
[Site "Denmark"]
[Date "2022.01.16"]
[Round "4.1"]
[White "Bjerre, Jonas Buhl"]
[Black "Fries Nielsen, Jens Ove"]
[Result "1-0"]
[WhiteElo "2586"]
[BlackElo "2378"]
[PlyCount "89"]
[EventDate "2021.10.30"]
[EventType "team-tourn"]
[EventRounds "9"]
[EventCountry "DEN"]
[SourceTitle "Turneringssystemet"]
[WhiteTeam "Skanderborg"]
[BlackTeam "Fredericia"]

1. Nf3 Nf6 2. d4 e6 3. c4 d5 4. g3 Be7 5. Bg2 O-O 6. Nc3 Na6 7. O-O b6 8. cxd5
exd5 9. Ne5 Bb7 10. Bf4 Qc8 11. Rc1 Qe6 12. h4 Nh5 13. Bd2 g6 14. e4 dxe4 15.
Nxe4 Rad8 16. Bh6 Ng7 17. Qa4 Bxe4 18. Bxe4 Nc5 19. dxc5 Qxe5 20. cxb6 cxb6 21.
Qc2 Bc5 22. Bf4 Qe6 23. Rfe1 Rfe8 24. Kg2 Qxa2 25. Bg5 Rd6 26. Bf3 Rxe1 27.
Rxe1 Re6 28. Rd1 Rd6 29. Rxd6 Bxd6 30. Qc8+ Bf8 31. Qd7 Qe6 32. Qxa7 h5 33. Qa8
Qd7 34. Be3 b5 35. Bc6 Qf5 36. Bd5 Ne6 37. Bh6 Ng7 38. Bd2 Kh7 39. Be3 Qd7 40.
Bc6 Qe7 41. Bxb5 Nf5 42. Bg5 Qb4 43. Bd3 Bg7 44. Qd5 Nh6 45. b3 1-0

[Event "Skakligaen 2021-22"]
[Site "Denmark"]
[Date "2022.01.16"]
[Round "4.2"]
[White "Light, Bjarne"]
[Black "Andersen, Mads"]
[Result "0-1"]
[WhiteElo "2234"]
[BlackElo "2572"]
[PlyCount "102"]
[EventDate "2021.10.30"]
[EventType "team-tourn"]
[EventRounds "9"]
[EventCountry "DEN"]
[SourceTitle "Turneringssystemet"]
[WhiteTeam "Fredericia"]
[BlackTeam "Skanderborg"]

1. c4 Nf6 2. g3 g6 3. Bg2 Bg7 4. Nc3 O-O 5. d3 c5 6. e4 Nc6 7. Nge2 d6 8. O-O
Rb8 9. a3 a6 10. Rb1 b5 11. cxb5 axb5 12. b4 cxb4 13. axb4 e5 14. h3 Be6 15. f4
exf4 16. gxf4 Ne7 17. Be3 Qd7 18. Kh2 Nh5 19. Nd4 d5 20. Nxe6 fxe6 21. Ne2 Bh6
22. Qb3 Rf7 23. Rf2 Rbf8 24. Rbf1 Nxf4 25. Nxf4 Bxf4+ 26. Bxf4 Rxf4 27. Rxf4
Rf7 28. R1f3 Rxf4 29. Rxf4 Qc7 30. Kh1 Qxf4 31. Qa2 Qc1+ 32. Kh2 Qc3 33. Qa7
Kf7 34. Qf2+ Ke8 35. Qb6 Qe5+ 36. Kh1 Qa1+ 37. Kh2 Qe5+ 38. Kh1 d4 39. Bf3 h5
40. Kg2 Kf7 41. Be2 Qg5+ 42. Kf1 Qc1+ 43. Kf2 Qe3+ 44. Ke1 Qxh3 45. Qxd4 Qg3+
46. Kd2 h4 47. Qh8 h3 48. e5 Qf4+ 49. Kc2 h2 50. d4 Qe4+ 51. Bd3 Qc6+ 0-1

[Event "Skakligaen 2021-22"]
[Site "Denmark"]
[Date "2022.01.16"]
[Round "4.3"]
[White "Boe Olsen, Filip"]
[Black "Schwarz, Frank"]
[Result "1-0"]
[WhiteElo "2357"]
[BlackElo "2224"]
[PlyCount "73"]
[EventDate "2021.10.30"]
[EventType "team-tourn"]
[EventRounds "9"]
[EventCountry "DEN"]
[SourceTitle "Turneringssystemet"]
[WhiteTeam "Skanderborg"]
[BlackTeam "Fredericia"]

1. d4 Nf6 2. c4 e6 3. Nc3 d5 4. cxd5 exd5 5. Bg5 Be7 6. e3 c6 7. Qc2 Nbd7 8.
Bd3 Nf8 9. Nge2 Ne6 10. Bh4 g6 11. O-O O-O 12. Rab1 Ng7 13. b4 a6 14. a4 Bf5
15. b5 axb5 16. axb5 Bxd3 17. Qxd3 Nf5 18. Bxf6 Bxf6 19. Rfc1 Ra3 20. Qd1 Qa5
21. Ra1 Ra8 22. Rxa3 Qxa3 23. Nb1 Qd6 24. Qb3 Rc8 25. Nbc3 Ne7 26. Na4 Kg7 27.
h3 Ra8 28. Nc5 Qc7 29. Nf4 Kg8 30. Nfd3 Nf5 31. Nb4 Ra5 32. bxc6 bxc6 33. Ncd3
Bg5 34. Nxc6 Nxe3 35. Nxa5 Qxa5 36. Qb8+ Kg7 37. Qe5+ 1-0

[Event "Skakligaen 2021-22"]
[Site "Denmark"]
[Date "2022.01.16"]
[Round "4.4"]
[White "Friis, Carsten Bank"]
[Black "Andersen, Jackie"]
[Result "0-1"]
[WhiteElo "2212"]
[BlackElo "2398"]
[PlyCount "78"]
[EventDate "2021.10.30"]
[EventType "team-tourn"]
[EventRounds "9"]
[EventCountry "DEN"]
[SourceTitle "Turneringssystemet"]
[WhiteTeam "Fredericia"]
[BlackTeam "Skanderborg"]

1. Nf3 d5 2. e3 Nf6 3. c4 e6 4. b3 a6 5. Bb2 Be7 6. d4 O-O 7. Bd3 dxc4 8. bxc4
c5 9. O-O Nc6 10. Nc3 cxd4 11. exd4 Kh8 12. Qb3 Bd7 13. a4 Rc8 14. Rfd1 Qc7 15.
c5 Rb8 16. Be2 b6 17. Bxa6 bxc5 18. Bb5 cxd4 19. Nxd4 Bc5 20. Nf3 Qa7 21. Qc2
Nb4 22. Qe2 Nbd5 23. Nxd5 Nxd5 24. Ne5 Bxb5 25. axb5 Qb7 26. Rab1 f6 27. Nd3
Qxb5 28. Qxe6 Ba7 29. Qf5 Qb3 30. Ne1 Ne7 31. Qe4 Ng6 32. Bxf6 Qa2 33. Bxg7+
Kxg7 34. Nf3 Qxf2+ 35. Kh1 Rxb1 36. Rxb1 Rf7 37. h4 Rf4 38. Qe6 Rxf3 39. gxf3
Qxh4+ 0-1

[Event "Skakligaen 2021-22"]
[Site "Denmark"]
[Date "2022.01.16"]
[Round "4.5"]
[White "Pedersen, Nicolai Vesterbaek"]
[Black "Pedersen, Daniel Vesterbaek"]
[Result "1/2-1/2"]
[WhiteElo "2365"]
[BlackElo "2139"]
[PlyCount "63"]
[EventDate "2021.10.30"]
[EventType "team-tourn"]
[EventRounds "9"]
[EventCountry "DEN"]
[SourceTitle "Turneringssystemet"]
[WhiteTeam "Skanderborg"]
[BlackTeam "Fredericia"]

1. c4 e5 2. Nc3 Nf6 3. Nf3 Nc6 4. g3 d5 5. cxd5 Nxd5 6. Bg2 Nb6 7. O-O Be7 8.
d3 O-O 9. a3 Be6 10. Be3 Nd5 11. Nxd5 Bxd5 12. Rc1 f6 13. Bc5 Kh8 14. b4 a6 15.
Qc2 Bxc5 16. Qxc5 Bxf3 17. Bxf3 Nd4 18. Qxc7 Nxf3+ 19. exf3 Qxd3 20. Rc3 Qd5
21. Rfc1 h6 22. Kg2 Rf7 23. Qb6 e4 24. Qe3 exf3+ 25. Qxf3 Qxf3+ 26. Kxf3 Re7
27. Rc7 Rae8 28. h4 h5 29. a4 Kh7 30. b5 axb5 31. axb5 Re5 32. Rxb7 1/2-1/2

[Event "Skakligaen 2021-22"]
[Site "Denmark"]
[Date "2022.01.16"]
[Round "4.6"]
[White "Guindy, Esmat Susanne"]
[Black "Brondt, Nicolai Kvist"]
[Result "1/2-1/2"]
[WhiteElo "2113"]
[BlackElo "2217"]
[PlyCount "92"]
[EventDate "2021.10.30"]
[EventType "team-tourn"]
[EventRounds "9"]
[EventCountry "DEN"]
[SourceTitle "Turneringssystemet"]
[WhiteTeam "Fredericia"]
[BlackTeam "Skanderborg"]

1. d4 Nf6 2. Nf3 b6 3. c4 Bb7 4. Nc3 e6 5. Qc2 d5 6. e3 Nbd7 7. cxd5 exd5 8.
Bd3 a6 9. O-O Bd6 10. e4 dxe4 11. Nxe4 O-O 12. Nxd6 cxd6 13. Bf4 Bxf3 14. gxf3
Nd5 15. Bxd6 Qg5+ 16. Kh1 Qf6 17. Bg3 Qxf3+ 18. Kg1 N7f6 19. Be2 Qe4 20. Qxe4
Nxe4 21. Be5 Rfd8 22. Rfd1 f6 23. Bg3 Kf8 24. Rac1 Nxg3 25. hxg3 Rd6 26. Bc4
Ne7 27. Rc3 b5 28. Bb3 Rad8 29. Rc7 R6d7 30. Rxd7 Rxd7 31. Be6 Rd8 32. d5 Nc8
33. Rc1 Nb6 34. Rc7 Nxd5 35. Rf7+ Ke8 36. Rxg7 Rd6 37. Bxd5 Rxd5 38. Rxh7 Rd2
39. Ra7 Rxb2 40. Rxa6 Kf7 41. Kg2 b4 42. g4 b3 43. axb3 Rxb3 44. f3 Kg6 45. Kg3
Rc3 46. Ra5 Rb3 1/2-1/2

[Event "Skakligaen 2021-22"]
[Site "Denmark"]
[Date "2022.01.16"]
[Round "4.7"]
[White "Berg, Klaus"]
[Black "Easwaralingam, Adesh"]
[Result "1-0"]
[WhiteElo "2287"]
[BlackElo "2136"]
[PlyCount "97"]
[EventDate "2021.10.30"]
[EventType "team-tourn"]
[EventRounds "9"]
[EventCountry "DEN"]
[SourceTitle "Turneringssystemet"]
[WhiteTeam "Skanderborg"]
[BlackTeam "Fredericia"]

1. b3 Nf6 2. Bb2 d5 3. Nf3 c5 4. e3 Nc6 5. Bb5 Bg4 6. h3 Bxf3 7. Bxc6+ bxc6 8.
Qxf3 e6 9. c4 Bd6 10. Nc3 O-O 11. O-O Rb8 12. d3 Nd7 13. Rfd1 Qg5 14. Rac1 Rfd8
15. Ba3 h6 16. Na4 Qe7 17. cxd5 cxd5 18. Rc2 Rbc8 19. Rdc1 Qf8 20. Qe2 Rc7 21.
d4 c4 22. Bxd6 Qxd6 23. bxc4 Qa6 24. Nb2 Qxa2 25. Nd3 Qa6 26. cxd5 Rxc2 27.
Qxc2 exd5 28. Nb4 Qd6 29. Qc7 Nb6 30. Qxd6 Rxd6 31. Rc7 a5 32. Nd3 Nc4 33. Rc8+
Kh7 34. Ra8 g5 35. Ne5 Nxe5 36. dxe5 Re6 37. f4 f6 38. exf6 Rxf6 39. fxg5 hxg5
40. Rxa5 Rd6 41. e4 g4 42. Rxd5 Re6 43. Rd4 gxh3 44. gxh3 Kg6 45. Kf2 Kh5 46.
Kg3 Rg6+ 47. Kf4 Kh4 48. e5 Kxh3 49. Ke4 1-0

[Event "Skakligaen 2021-22"]
[Site "Denmark"]
[Date "2022.01.16"]
[Round "4.1"]
[White "Hector, Jonny"]
[Black "Hansen, Sune Berg"]
[Result "0-1"]
[WhiteElo "2443"]
[BlackElo "2528"]
[PlyCount "120"]
[EventDate "2021.10.30"]
[EventType "team-tourn"]
[EventRounds "9"]
[EventCountry "DEN"]
[SourceTitle "Turneringssystemet"]
[WhiteTeam "Nordkalotten"]
[BlackTeam "Hillerod"]

1. e4 c6 2. d4 d5 3. Nd2 dxe4 4. Nxe4 Nf6 5. Nxf6+ exf6 6. Be3 Na6 7. a3 Nc7 8.
Bd3 Bd6 9. c4 O-O 10. Qc2 h6 11. Ne2 Re8 12. O-O b5 13. b3 Bd7 14. Rfe1 Rc8 15.
Ng3 Ne6 16. Nf5 Bf8 17. Qd1 bxc4 18. bxc4 g6 19. Nxh6+ Bxh6 20. Bxh6 Nxd4 21.
Be3 c5 22. Ra2 Qa5 23. Bd2 Qa6 24. Re3 Be6 25. Qf1 Red8 26. Bc3 Rc6 27. h4 Bf5
28. Bxf5 Nxf5 29. Re4 Rcd6 30. Ra1 Rd3 31. Qe1 Qc6 32. Rc1 Kg7 33. Qe2 Qa4 34.
g4 Nxh4 35. Rf4 Rxc3 36. Rxc3 Rd1+ 37. Kh2 Qc6 38. Re4 Qd6+ 39. Rg3 Rd2 40. Qe3
g5 41. Re8 Ng6 42. Rc8 Ra2 43. Rxc5 Nf4 44. Rc8 Qd1 45. Rg1 Qc2 46. Rf1 Qh7+
47. Kg1 Qh4 48. Re8 Re2 49. Qg3 Rxe8 50. Qxh4 gxh4 51. Rb1 Re4 
52. Rb7 Rxc4 53. Rxa7 Rc1+ 54. Kh2 Rf1 55. a4 Rxf2+ 56. Kh1 Ra2
57. a5 Ne6 58. Ra8 Nc5 59. Kg1 h3 60. Kh1 Ne4 0-1

[Event "Skakligaen 2021-22"]
[Site "Denmark"]
[Date "2022.01.16"]
[Round "4.2"]
[White "Schandorff, Lars"]
[Black "Brynell, Stellan"]
[Result "1/2-1/2"]
[WhiteElo "2458"]
[BlackElo "2431"]
[PlyCount "66"]
[EventDate "2021.10.30"]
[EventType "team-tourn"]
[EventRounds "9"]
[EventCountry "DEN"]
[SourceTitle "Turneringssystemet"]
[WhiteTeam "Hillerod"]
[BlackTeam "Nordkalotten"]

1. Nf3 d5 2. g3 Nf6 3. Bg2 c5 4. O-O e6 5. d4 Nc6 6. c4 dxc4 7. dxc5 Qxd1 8.
Rxd1 Bxc5 9. Nbd2 c3 10. bxc3 O-O 11. Nb3 Be7 12. Nfd4 Nxd4 13. cxd4 Nd5 14.
Bd2 f5 15. Na5 Bf6 16. e3 b6 17. Nc4 Rd8 18. Rdc1 Ba6 19. a4 Rac8 20. Bf1 Bb7
21. a5 b5 22. a6 Ba8 23. Na5 b4 24. Bg2 Be7 25. Rab1 Kf7 26. Kf1 Rxc1+ 27. Rxc1
Rb8 28. Nc4 Ke8 29. Ke1 Kd8 30. Bf1 Rc8 31. Kd1 Rc6 32. Ne5 Rxc1+ 33. Kxc1 Kc7
1/2-1/2

[Event "Skakligaen 2021-22"]
[Site "Denmark"]
[Date "2022.01.16"]
[Round "4.3"]
[White "Jepson, Christian"]
[Black "Percivaldi, Martin"]
[Result "0-1"]
[WhiteElo "2402"]
[BlackElo "2385"]
[PlyCount "90"]
[EventDate "2021.10.30"]
[EventType "team-tourn"]
[EventRounds "9"]
[EventCountry "DEN"]
[SourceTitle "Turneringssystemet"]
[WhiteTeam "Nordkalotten"]
[BlackTeam "Hillerod"]

1. Nf3 e6 2. c4 d5 3. g3 dxc4 4. Bg2 a6 5. O-O Nc6 6. Na3 Bxa3 7. bxa3 e5 8.
Bb2 f6 9. d3 Be6 10. Rc1 cxd3 11. exd3 Nge7 12. Re1 O-O 13. d4 e4 14. Rxe4 Bxa2
15. Qd3 Qd7 16. Rc5 Bd5 17. Rh4 g6 18. Bh3 Be6 19. Bxe6+ Qxe6 20. Re4 Qf7 21.
Qc2 Rad8 22. h4 Rd5 23. Qe2 Rfd8 24. g4 R8d7 25. Rf4 Rxc5 26. dxc5 Nd5 27. Re4
Re7 28. g5 f5 29. Ne5 Qe6 30. Nxc6 Qxe4 31. Nxe7+ Nxe7 32. Qd2 Nd5 33. Bf6 Kf7
34. Qa2 Ke6 35. Qb3 Kd7 36. Bg7 Kc6 37. Qg3 Nf4 38. Kh2 Nd3 39. Bf6 Ne1 40. Bd8
f4 41. Qg4 Nf3+ 42. Kh3 Ne5 43. Qe6+ Kxc5 44. Qe7+ Kd5 45. Qxc7 Qh1# 0-1

[Event "Skakligaen 2021-22"]
[Site "Denmark"]
[Date "2022.01.16"]
[Round "4.4"]
[White "Pedersen, Steffen"]
[Black "Kristensen, Kaare Hove"]
[Result "1/2-1/2"]
[WhiteElo "2338"]
[BlackElo "2345"]
[PlyCount "49"]
[EventDate "2021.10.30"]
[EventType "team-tourn"]
[EventRounds "9"]
[EventCountry "DEN"]
[SourceTitle "Turneringssystemet"]
[WhiteTeam "Hillerod"]
[BlackTeam "Nordkalotten"]

1. d4 Nf6 2. c4 b6 3. Nc3 Bb7 4. d5 e6 5. a3 Bd6 6. Nf3 O-O 7. g3 c6 8. dxe6
dxe6 9. Bg2 Qe7 10. O-O Rd8 11. Qc2 Nbd7 12. b3 Rac8 13. Bb2 c5 14. Rfe1 Ne5
15. Nb5 Nxf3+ 16. exf3 Bb8 17. f4 Bxg2 18. Kxg2 a6 19. Nc3 Qb7+ 20. f3 Rd7 21.
Rad1 Rcd8 22. Rxd7 Qxd7 23. Rd1 Qb7 24. Re1 Qd7 25. Rd1 1/2-1/2

[Event "Skakligaen 2021-22"]
[Site "Denmark"]
[Date "2022.01.16"]
[Round "4.5"]
[White "Schmidt, Kristen"]
[Black "Storme, Isak"]
[Result "1/2-1/2"]
[WhiteElo "2315"]
[BlackElo "2352"]
[PlyCount "104"]
[EventDate "2021.10.30"]
[EventType "team-tourn"]
[EventRounds "9"]
[EventCountry "DEN"]
[SourceTitle "Turneringssystemet"]
[WhiteTeam "Nordkalotten"]
[BlackTeam "Hillerod"]

1. e4 e5 2. Nf3 Nc6 3. d4 exd4 4. Nxd4 Nf6 5. Nxc6 bxc6 6. e5 Qe7 7. Qe2 Nd5 8.
Nd2 g6 9. Nf3 Bg7 10. c4 Ba6 11. Bg5 Qb4+ 12. Qd2 Qxd2+ 13. Bxd2 Nb6 14. b3 d6
15. Bf4 Nd7 16. O-O-O dxe5 17. Nxe5 Nxe5 18. Bxe5 Bxe5 19. Re1 f6 20. f4 O-O
21. fxe5 Rae8 22. Be2 fxe5 23. Bf3 c5 24. Re3 Kg7 25. Rd1 Re7 26. Rd5 Bb7 27.
Rdxe5 Rxe5 28. Rxe5 Bxf3 29. gxf3 Rxf3 30. Rxc5 Rf7 31. Ra5 h5 32. h4 c6 33.
Kd2 Kf6 34. Ke3 Rd7 35. Ra6 Rd6 36. Rxa7 Kf5 37. Rf7+ Kg4 38. Rf4+ Kg3 39. b4
Rd1 40. Rd4 Re1+ 41. Kd3 Ra1 42. c5 Rxa2 43. Rd6 Ra6 44. Rxg6+ Kxh4 45. Kc4 Kh3
46. Rxc6 Rxc6 47. b5 Rxc5+ 48. Kxc5 Kg2 49. b6 h4 50. b7 h3 51. b8=Q h2 52.
Qxh2+ Kxh2 1/2-1/2

[Event "Skakligaen 2021-22"]
[Site "Denmark"]
[Date "2022.01.16"]
[Round "4.6"]
[White "Jaksland, Tim"]
[Black "Sylvan, Jacob"]
[Result "0-1"]
[WhiteElo "2212"]
[BlackElo "2295"]
[PlyCount "94"]
[EventDate "2021.10.30"]
[EventType "team-tourn"]
[EventRounds "9"]
[EventCountry "DEN"]
[SourceTitle "Turneringssystemet"]
[WhiteTeam "Hillerod"]
[BlackTeam "Nordkalotten"]

1. e4 c5 2. c3 Nf6 3. e5 Nd5 4. Nf3 e6 5. d4 cxd4 6. cxd4 d6 7. Bc4 Nc6 8. O-O
Be7 9. Qe2 O-O 10. Nc3 Nxc3 11. bxc3 d5 12. Bd3 f5 13. exf6 gxf6 14. Bf4 Bd6
15. Bxd6 Qxd6 16. Nh4 Rf7 17. f4 Bd7 18. Rae1 Re8 19. Qh5 Ree7 20. Re3 Rg7 21.
Rff3 Qa3 22. Rg3 Qc1+ 23. Kf2 Qd2+ 24. Kf1 Qc1+ 25. Ke2 f5 26. Rxg7+ Rxg7 27.
Rxe6 Ne7 28. Bxf5 Bb5+ 29. c4 Qxc4+ 30. Kd2 Qxd4+ 31. Kc2 Ba4+ 32. Kb1 Qb4+ 33.
Ka1 Nxf5 34. Qxf5 Qd4+ 35. Kb1 Qd1+ 36. Kb2 Qd2+ 37. Kb1 Qb4+ 38. Ka1 Bb5 39.
Qe5 Qc5 40. Kb2 Qb4+ 41. Ka1 d4 42. Qb8+ Kf7 43. Qc8 Rg8 44. Qxb7+ Kxe6 45.
Qe4+ Kd6 46. Nf5+ Kc7 47. Qe5+ Kb6 0-1

[Event "Skakligaen 2021-22"]
[Site "Denmark"]
[Date "2022.01.16"]
[Round "4.7"]
[White "Jakobsen, Peter"]
[Black "Ostergaard, Jens"]
[Result "0-1"]
[WhiteElo "2194"]
[BlackElo "2230"]
[PlyCount "132"]
[EventDate "2021.10.30"]
[EventType "team-tourn"]
[EventRounds "9"]
[EventCountry "DEN"]
[SourceTitle "Turneringssystemet"]
[WhiteTeam "Nordkalotten"]
[BlackTeam "Hillerod"]

1. c4 Nf6 2. Nc3 c5 3. g3 e6 4. Nf3 d5 5. cxd5 exd5 6. d4 Nc6 7. Bg2 cxd4 8.
Nxd4 Bc5 9. Nb3 Bb6 10. O-O d4 11. Na4 O-O 12. Bg5 Bg4 13. h3 Bc8 14. Nac5 h6
15. Bd2 Qe7 16. Rc1 Rd8 17. Re1 Nd5 18. Qc2 Ne3 19. Qe4 Nxg2 20. Qxe7 Nxe7 21.
Kxg2 Bxc5 22. Rxc5 Nc6 23. Nc1 b6 24. Rc2 Bf5 25. Rc4 Ne5 26. Rc7 Rdc8 27.
Rxc8+ Rxc8 28. Nb3 Rc2 29. Bc1 Nc6 30. Rd1 Be6 31. Nd2 Bxa2 32. Nf3 d3 33. exd3
Bd5 34. d4 a5 35. g4 Bxf3+ 36. Kxf3 Nxd4+ 37. Rxd4 Rxc1 38. Rd6 b5 39. Rd5 b4
40. Rxa5 Rc2 41. Rb5 Rxb2 42. h4 b3 43. Rb8+ Kh7 44. h5 g6 45. hxg6+ Kxg6 46.
Rb6+ f6 47. Rb5 Rb1 48. Rb6 Kf7 49. Rb7+ Ke6 50. Rh7 Rh1 51. Rb7 Kd5 52. Kf4
Kc4 53. Kf5 Rf1 54. f4 Kc3 55. Rc7+ Kd3 56. Rb7 Kc2 57. Rc7+ Kb1 58. Rc6 b2 59.
Rxf6 Kc2 60. Rc6+ Kd3 61. Rb6 b1=Q 62. Rxb1 Rxb1 63. Kg6 Ke4 64. Kxh6 Kxf4 65.
g5 Kf5 66. g6 Kf6 0-1

[Event "Skakligaen 2021-22"]
[Site "Denmark"]
[Date "2022.01.16"]
[Round "4.8"]
[White "Nordenbaek, Jan"]
[Black "Ejsing, Esben"]
[Result "1-0"]
[WhiteElo "2157"]
[BlackElo "2127"]
[PlyCount "78"]
[EventDate "2021.10.30"]
[EventType "team-tourn"]
[EventRounds "9"]
[EventCountry "DEN"]
[SourceTitle "Turneringssystemet"]
[WhiteTeam "Hillerod"]
[BlackTeam "Nordkalotten"]

1. e4 d6 2. d4 g6 3. Nc3 Bg7 4. Nf3 a6 5. a4 Nd7 6. Bc4 e6 7. O-O Ne7 8. Be3
O-O 9. Qd2 d5 10. Bb3 Nf6 11. e5 Nd7 12. Ne2 c5 13. c3 Nc6 14. h4 Na5 15. Ba2
c4 16. h5 Nb6 17. Bg5 Qe8 18. Qf4 f6 19. exf6 Nd7 20. Qc7 Nxf6 21. h6 Bh8 22.
Qxa5 Ne4 23. Be3 Bf6 24. Qc7 Bd7 25. Bb1 Rc8 26. Qh2 Bxa4 27. Bxe4 dxe4 28. Nd2
Bc2 29. Rfc1 Bd3 30. Nf4 Qb5 31. Nxe6 Rf7 32. Nc5 Qxb2 33. Ncxe4 Re8 34. Nxf6+
Rxf6 35. Qc7 Rf7 36. Qg3 b5 37. Nf3 b4 38. cxb4 Qxb4 39. Ne5 Rfe7 1-0

[Event "Skakligaen 2021-22"]
[Site "Denmark"]
[Date "2022.01.16"]
[Round "4.1"]
[White "Ochsner, Bjorn Moller"]
[Black "Nielsen, Viktor Haarmark"]
[Result "1-0"]
[WhiteElo "2506"]
[BlackElo "2296"]
[PlyCount "117"]
[EventDate "2021.10.30"]
[EventType "team-tourn"]
[EventRounds "9"]
[EventCountry "DEN"]
[SourceTitle "Turneringssystemet"]
[WhiteTeam "AarhusSkolerne"]
[BlackTeam "Obro"]

1. e4 c5 2. Nf3 e6 3. c3 Nf6 4. e5 Nd5 5. Bc4 d6 6. d4 cxd4 7. cxd4 Nc6 8. O-O
Be7 9. exd6 Bxd6 10. Nc3 O-O 11. Re1 h6 12. a3 Nxc3 13. bxc3 b6 14. Qd3 Bb7 15.
Rxe6 fxe6 16. Bxe6+ Rf7 17. Qg6 Qf6 18. Bxf7+ Qxf7 19. Qxd6 Rc8 20. Bd2 Na5 21.
Ne5 Qd5 22. Qxd5+ Bxd5 23. Be1 Nc4 24. Nxc4 Bxc4 25. Bd2 Re8 26. Be3 Kf7 27.
Re1 h5 28. f3 Re6 29. Kf2 Kf6 30. Rd1 a6 31. h3 h4 32. d5 Rd6 33. Rd4 b5 34.
Rxh4 Rxd5 35. Bd4+ Kf7 36. Rh7 Rg5 37. Rh8 a5 38. Ra8 a4 39. h4 Rh5 40. Ra7+
Ke6 41. g3 g6 42. Ke3 Ba2 43. Ra6+ Kf7 44. Rf6+ Kg7 45. Kf4 Rd5 46. Rb6+ Kf7
47. Rb7+ Ke6 48. Rb6+ Kf7 49. g4 Bb1 50. Ke3 Bc2 51. Rb8 Ke6 52. Rh8 Kf7 53.
Rh7+ Ke6 54. Rb7 Kd6 55. f4 Ke6 56. Rb6+ Kf7 57. f5 gxf5 58. g5 f4+ 59. Kxf4
1-0